000 00224nam a2200097Ia 4500
008 190216s9999||||xx |||||||||||||| ||und||
100 _aNookacs G R
245 0 _aText Book Of Heat
260 _bMagmillan &co Ltd
942 _cBK
999 _c32681
_d32681